000 00338nam a2200145Ia 4500
008 100122s9999 xx 000 0 und d
082 _b5759
_a823
100 _aलेखक शोधणे
245 _aघायाळ
260 _c1924
300 _a55
630 _aघायाळ
730 _aघायाळ
942 _cBOOK
999 _c398976
_d398973